Guide to best fair payment practices (Record no. 107308)

MARC details
000 -LEADER
fixed length control field 01231cad a22002055a 4500
001 - CONTROL NUMBER
control field L139489
008 - FIXED-LENGTH DATA ELEMENTS--GENERAL INFORMATION
fixed length control field 070730s2007 xxk f f000 0 eng d
035 ## - SYSTEM CONTROL NUMBER
System control number (Sirsi) u139489
041 0# - LANGUAGE CODE
Language code of text/sound track or separate title eng
050 04 - LIBRARY OF CONGRESS CALL NUMBER
Classification number 692.8 $2 18
110 1# - MAIN ENTRY--CORPORATE NAME
Corporate name or jurisdiction name as entry element United Kingdom
Subordinate unit Office of Government Commerce
9 (RLIN) 5119
245 00 - TITLE STATEMENT
Title Guide to best fair payment practices
Medium [electronic resource]
260 ## - PUBLICATION, DISTRIBUTION, ETC.
Place of publication, distribution, etc. [S.l.]
Name of publisher, distributor, etc. OGC
Date of publication, distribution, etc. 2007
520 ## - SUMMARY, ETC.
Summary, etc. To overcome the problems caused by poor payment practices in the construction industry, this guide recommends best fair payment practices and principles for the public sector. The guide defines fair payment, explains why payment practices should change, outlines the characteristics of an exemplary fair payment process, sets out a model fair payment charter, and looks at the cost of implementation. The recommendations have been endorsed by the Public Sector Construction Clients' Forum.
590 ## - LOCAL NOTE (RLIN)
Local note KA
651 #4 - SUBJECT ADDED ENTRY--GEOGRAPHIC NAME
Geographic name United Kingdom
Chronological subdivision
690 ## - LOCAL SUBJECT ADDED ENTRY--TOPICAL TERM (OCLC, RLIN)
Topical term or geographic name as entry element BUILT ENVIRONMENT-CONSTRUCTION MANAGEMENT-BUILDING CONTRACT ADMINISTRATION
856 40 - ELECTRONIC LOCATION AND ACCESS
Uniform Resource Identifier <a href="https://www.eastmidlandsiep.gov.uk/uploads/Publications/Guide_to_best_Fair_Payment_Practices.pdf">https://www.eastmidlandsiep.gov.uk/uploads/Publications/Guide_to_best_Fair_Payment_Practices.pdf</a>
Public note View the guide free of charge at www.eastmidlandsiep.gov.uk .
942 ## - ADDED ENTRY ELEMENTS (KOHA)
Suppress in OPAC 0
Holdings
Withdrawn status Lost status Source of classification or shelving scheme Damaged status Not for loan Home library Current library Shelving location Date acquired Total Checkouts Full call number Barcode Date last seen Copy number Price effective from Koha item type
    Dewey Decimal Classification     Virtual Virtual Online 30/07/2007   ONLINE PUBLICATION 139489-2001 06/08/2019 1 06/08/2019 Book